Daily Quiz #7 - Statistics

General Stats
  • This quiz has been taken 30 times
  • The average score is 5 of 5
Answer Stats
Hint Answer % Correct
What language is spoken in Brazil? Portuguese
97%
What is the capital of California? Sacramento
93%
Which president was impeached due to a sex scandal? Bill Clinton
90%
Which founding father and president wrote the Declaration of Independence? Thomas Jefferson
87%
Which director made the films Jaws, Indiana Jones, and ET? Steven Spielberg
83%
No matching quizzes found
Score Distribution
Percent of People with Each Score
Percentile by Number Answered
Your Score History
You have not taken this quiz